| 000 | 00652nam a22002057a 4500 | ||
|---|---|---|---|
| 003 | OSt | ||
| 005 | 20251002015233.0 | ||
| 008 | 251002b |||||||| |||| 00| 0 eng d | ||
| 020 | _a9780316204354 | ||
| 040 |
_aDWC-Main Lib. _cOC |
||
| 082 | _21st ed. | ||
| 100 | _aCLARK, ROY PETER | ||
| 245 |
_aHow to write short : _bword craft for fast times/ _cCLARK, ROY PETER |
||
| 260 |
_aNew York : _bLittle Brown & Company, _cc2013. |
||
| 300 |
_aviii, 264 pages ; _c21 cm. |
||
| 504 | _aIncludes index. | ||
| 650 | _a1. English language--Rhetoric 2. Report writing. I. Title. | ||
| 760 | _b1st ed. | ||
| 942 |
_2ddc _cBK-CIRC _e1st ed. _hCirc. _n0 |
||
| 999 |
_c4616 _d4616 |
||